Best-selling Video Games of All Time - Statistics

General Stats
  • This quiz has been taken 69 times
    58 since last reset
  • The average score is 9 of 21
Answer Stats
Sales Video Game % Correct
200,000,000 Minecraft
95%
30,000,000 Call of Duty: Modern Warfare
75%
135,000,000 Grand Theft Auto V
73%
48,240,000 Super Mario Bros.
68%
30,800,000 New Super Mario Bros.
61%
30,320,000 New Super Mario Bros. Wii
61%
100,000,000 Tetris (EA)
61%
43,000,000 Tetris (Nintendo)
61%
47,520,000 Pokemon Red/Green/Blue/Yellow
36%
30,000,000 The Elder Scrolls V: Skyrim
34%
82,900,000 Wii Sports
32%
33,140,000 Wii Sports Resort
32%
70,000,000 PlayerUnknown's Battlegrounds
30%
41,860,000 Mario Kart 8
25%
34,000,000 Red Dead Redemption 2
25%
37,380,000 Mario Kart Wii
23%
39,498,000 Pac-Man
23%
30,300,000 Terraria
20%
31,180,000 Animal Crossing: New Horizons
18%
30,000,000 Diablo III
11%
43,800,000 Wii Fit
11%
No matching quizzes found
Score Distribution
Percent of People with Each Score
Percentile by Number Answered
Your Score History
You have not taken this quiz since the last reset